| 000 | 00537pam a2200205 a 4500 | ||
|---|---|---|---|
| 020 | _c | ||
| 040 | _aMedical College Lib | ||
| 041 |
_aENG _hENG |
||
| 082 |
_a616.07 _bWAL |
||
| 100 | _aWalte , J. B . . | ||
| 245 |
_aWalter & Israel General Pathoogy / _c _hTextual Documents |
||
| 250 |
_a7th / _b. |
||
| 260 |
_aTokyo : _bWilliams & Wilkins , _c1996. |
||
| 300 |
_a659 ; _c |
||
| 365 | _a2,307=00 | ||
| 653 |
_aPathology _aMedical Science |
||
| 930 | _a2628 | ||
| 999 |
_c2627 _d2627 |
||